000 00412nam a2200181Ia 4500
001 4441
005 20260306145756.0
008 260306t1991||||xx |||||||||||||| ||spa||
041 _aESP
082 _a321.885
_bO74
100 _aOrtíz de Zevallos, Javier
_eAUT
245 0 _a30 años de retroceso:
_bbasta
260 _c1991
300 _a
_c
650 _aGEN
654 _aCDE
942 _cLIB
_dJUS
_fJUS
_2ddc
_n
999 _c4441
_d4441